| 000 | 004200000a22001810004500 | ||
|---|---|---|---|
| 003 | MACL | ||
| 005 | 20150702174409.0 | ||
| 008 | 150702b xxu||||| |||| 00| 0 eng d | ||
| 040 |
_aMACL _cmacl |
||
| 041 | _aenglish | ||
| 082 | _a070/jay | ||
| 100 |
_aJayanti,S. _9414 |
||
| 245 | _aPrint Media | ||
| 260 |
_aNew Delhi _balfa Publicatons _c2009 |
||
| 350 | _a850 | ||
| 650 |
_aMedia _9415 |
||
| 942 |
_cBK _k070/JAY _2ddc |
||
| 999 |
_c47740 _d47740 |
||